La comunidad perdida : ensayos sobre identidad y cultura: los desafíos de la modernización en Chile /

En este libro, el autor habla de la comunidad perdida. Chile, al igual que muchas otras sociedades, posee la sensación de haber perdido parte de su identidad. Las décadas recién pasadas, llenas de revoluciones y contrarrevoluciones, alegrías y dolores, crisis y éxitos económicos, nos producen un sen...

Full description

Bibliographic Details
Main Author: Bengoa, Jose
Format: Libro
Language:Spanish
Published: Santiago, Chile SUR 1996
Series:Trilogía del Bicentenario
Subjects:
Online Access:Acceso electrónico al documento. (Texto completo) archivo PDF

MARC

LEADER 00000cam a2200000 a 4500
001 005712
003 UAHC_CL
005 20170803120149.0
008 010822b1996 cl g 000 spa
020 |a 9562080455 
040 |a UAHC_CL  |c UAHC_CL  |d UAHC_CL 
082 0 4 |a 306 B466c 
100 1 |a Bengoa, Jose 
245 1 3 |a La comunidad perdida :  |b ensayos sobre identidad y cultura: los desafíos de la modernización en Chile /  |c José Bengoa. 
260 |b SUR  |c 1996  |a Santiago, Chile 
300 |a 172 p. 
490 0 |a Trilogía del Bicentenario 
500 |a Pasar a Pedro para reparación. 
520 |a En este libro, el autor habla de la comunidad perdida. Chile, al igual que muchas otras sociedades, posee la sensación de haber perdido parte de su identidad. Las décadas recién pasadas, llenas de revoluciones y contrarrevoluciones, alegrías y dolores, crisis y éxitos económicos, nos producen un sentimiento de haber roto los vínculos antiguos, y de no haber surgido aún los nuevos lazos que nos reentusiasmen por vivir -todos juntos- en sociedad. 
650 4 |a MODERNIZACION 
650 4 |a CULTURA  |z CHILE 
653 |a ANTROPOLOGIA 
856 |u http://www.sitiosur.cl/publicaciones/Coleccion_Estudios_Historicos/Bengoa/Comunidad.pdf  |3 Acceso electrónico al documento. (Texto completo) archivo PDF  |y Acceso electrónico al documento. (Texto completo) archivo PDF 
900 |a 306 BENC 
942 |c BK 
952 |0 0  |1 0  |4 0  |6 306_000000000000000_BENC  |7 0  |8 General  |9 12379  |a BR  |b BR  |c General  |d 2017-08-03  |l 1  |o 306 BENC  |p 1303789  |r 2026-01-14 00:00:00  |s 2017-12-15  |t 1  |w 2017-08-03  |x texto con paginas sueltas   |y BK  |z También lo encuentras en bibliografias.academia.cl 
952 |0 0  |1 0  |4 0  |6 306_000000000000000_BENC  |7 0  |8 General  |9 12380  |a BC  |b BC  |c General  |d 2017-08-03  |l 2  |m 3  |o 306 BENC  |p 1351334  |r 2026-01-13 00:00:00  |s 2018-11-07  |t 2  |w 2017-08-03  |y BK  |z También lo encuentras en bibliografias.academia.cl 
952 |0 0  |1 0  |4 0  |6 306_000000000000000_BENC  |7 0  |8 General  |9 12381  |a BC  |b BC  |c General  |d 2017-08-03  |o 306 BENC  |p 1360476  |q 2017-06-28  |r 2017-08-03 00:00:00  |t 3  |w 2017-08-03  |y BK  |z También lo encuentras en bibliografias.academia.cl 
952 |0 0  |1 0  |4 0  |6 306_000000000000000_BENC  |7 0  |8 General  |9 12382  |a BC  |b BC  |c General  |d 2017-08-03  |l 5  |m 1  |o 306 BENC  |p 1304220  |r 2026-01-13 00:00:00  |s 2022-03-30  |t 4  |w 2017-08-03  |x Texto rayado con lapiz mina. FGM. 23/09/2019.  |y BK  |z También lo encuentras en bibliografias.academia.cl 
952 |0 0  |1 0  |4 0  |6 306_000000000000000_BENC  |7 0  |8 General  |9 12383  |a BC  |b BC  |c General  |d 2017-08-03  |l 3  |m 4  |o 306 BENC  |p 1307692  |r 2026-01-13 00:00:00  |s 2018-12-05  |t 5  |w 2017-08-03  |y BK  |z También lo encuentras en bibliografias.academia.cl 
952 |0 0  |1 0  |4 0  |6 306_000000000000000_BENC  |7 0  |8 General  |9 12384  |a BC  |b BC  |c General  |d 2017-08-03  |l 1  |o 306 BENC  |p 1346948  |r 2026-01-13 00:00:00  |s 2017-11-23  |t 6  |w 2017-08-03  |y BK  |z También lo encuentras en bibliografias.academia.cl 
952 |0 0  |1 0  |4 0  |6 306_000000000000000_BENC  |7 0  |8 General  |9 12385  |a BC  |b BC  |c General  |d 2017-08-03  |o 306 BENC  |p 1317706  |r 2026-01-13 00:00:00  |t 7  |w 2017-08-03  |y BK  |z También lo encuentras en bibliografias.academia.cl 
999 |c 5712  |d 5712